MDQL
is popping MORE tags! Check the
thread
!
Quizzes
Events
Quiz Creation
Community
Videos
Private Events
Remove Ads
Sign In
Join for FREE
Feedback
Dark Mode
Quiz Categories
Sports
Geography
Music
Movies
Television
Just For Fun
Miscellaneous
History
Literature
Language
Science
Gaming
Entertainment
Religion
Holiday
For Kids
Quiz Lab
Recent
Popular Today
Quiz Kudos Today
Editor Picks
Curator Picks
Quizzes by...
Day
Popularity
Type
Ratings
Length
Year
Community
Subscriptions
Recent Discussions
Orange Saloon
Badges
Playlists
Quests
Create
Leaderboards
Showdown
Live 5
Trivia Bingo
Activity
Puzzle Library
Sporcle Events
Private Events
Virtual Trivia
Globe League
Become a Host
Pub Owners
SporcleCon
Opinionation
Our Games
Videos
Blog
Mobile Apps
Partnerships
Remove Ads and Go Orange
Feedback
Sports
Athletes
MLB
NBA
NHL
NFL
Soccer
Sports Teams
WWE
NCAA
Football
Premier League
Basketball
Baseball
Hockey
Golf
Tennis
Cricket
Rugby
Auto Racing
Olympics
World Cup
Sports
Athletes
MLB
NBA
NHL
NFL
Soccer
Sports Teams
WWE
NCAA
Football
Premier League
Basketball
Baseball
Hockey
Golf
Tennis
Cricket
Rugby
Auto Racing
Olympics
World Cup
Random Quiz
Search Sporcle
×
Quiz Lab
Quiz Lab
Sports
Everyone
Type in answers that appear in a list
Type in answers that appear in a list
Classic
Best Score? Go Orange.
Multiple Hits Versus Clayton Kershaw in 2014 Stats
Can you name everyone that had multiple hits versus Clayton Kershaw in 2014
By
Nick1717
8m
31 Questions
16 Plays
16 Plays
16 Plays
Comments
Comments
Give Quiz Kudos
Give Quiz Kudos
-
- Ratings
hide this ad
Replay
Link that replays current quiz
Next Quiz
Link to next quiz in quiz playlist
You Got
0%
They Got
Avg Score
31%
Avg Friend Score
Upgrade to see
Score Distribution
Jump to the score distribution portion of the page
Score
0/31
Timer
08:00
0
Plays Today
Team
Name
% Correct
Arizona
Paul Goldschmidt
87.5%
San Francisco
Buster Posey
81.3%
Los Angeles Angels
Mike Trout
68.8%
San Francisco
Pablo Sandoval
68.8%
Milwaukee
Ryan Braun
62.5%
Milwaukee
Carlos Gomez
56.3%
Arizona
Aaron Hill
50%
Atlanta
B.J. Upton
50%
San Francisco
Angel Pagan
50%
St. Louis
Matt Carpenter
50%
Cincinnati
Todd Frazier
43.8%
Kansas City
Eric Hosmer
43.8%
Washington
Anthony Rendon
37.5%
Washington
Jayson Werth
37.5%
Milwaukee
Aramis Ramirez
31.3%
Cincinnati
Brayan Pena
25%
Team
Name
% Correct
San Francisco
Joe Panik
25%
St. Louis
Jhonny Peralta
25%
Arizona/
Milwaukee
Gerardo Parra
18.8%
San Francisco
Gregor Blanco
18.8%
Arizona
Chris Owings
12.5%
San Diego
Rene Rivera
12.5%
Arizona
Edner Inciarte
6.3%
St. Louis
Mark Ellis
6.3%
Arizona
Tuffy Gosewisch
0%
Atlanta
Ryan Doumit
0%
Chicago Cubs
Chris Valaika
0%
Kansas City/
Toronto
Danny Valencia
0%
San Francisco
Joaquin Arias
0%
San Francisco
Matt Duffy
0%
San Francisco
Andrew Susac
0%
Quiz Playlist
Details
Report
Send in Message
Add To Playlist
Classic:
Type in answers that appear in a list
Last Updated: Feb 16, 2017
Quiz Scoreboard
CHALLENGE
Sign Up to Join the Scoreboard
Show All
Scores
Hide
Comments
May contain spoilers
Recently Published
Street Fighter Characters
by Artimus82
Gaming
60s
9x9 Crossword: Cartoon Network
by jackfrog10
Miscellaneous
3m
College Basketball Coaching Resumes
by pancakes188
Sports
9m
More to Explore
Quiz From the Vault
Featured Blog Post
Where Did the Easter Bunny Come From?
hide this ad
You Might Also Like...
Tags
2014
Everyone
hit
multiple
Today's Top Quizzes in Sports
Browse Sports
hide this ad
Today's Top Quizzes in Everyone
Browse Everyone
Top Contributed Quizzes in Sports
1
2022 World Cup Stars
2
Les meilleurs buteurs des matchs entre le PSG et l’OM
3
FIFA Club World Cup Champions
4
Les entraîneurs de l'OM et du PSG au 21e siècle
5
Criteria MLB: Left Handed Sluggers
6
2023 MLB Unique Player Accomplishments
7
AFC Teams Reveal (Wrong Answers Minefield)
8
5-to-1: FBS Animal Nicknames
9
Players with Multiple 50 Home Run Seasons
10
5-to-1: UK Sports Teams
Explore More
Trending Topics
NBA
Harry Potter
Marvel
Anime
Kpop
Disney
Crossword
Song
Soccer
Country
Puzzle
NFL
The Office
Pokémon
WWE
hide this ad
More By:
Nick1717
Quiz
Plays
Rating
Category
Featured
Created
Miami Heat All Time Roster
585
5.00
Sports
Sep 13, 2010
Florida Marlins 20+ Home Run Seasons
264
5.00
Sports
Sep 10, 2010
All Florida Panthers Goals
106
5.00
Sports
Sep 11, 2010
Florida Marlins 10+ Career Wins
72
2.50
Sports
Sep 11, 2010
All 82 games for Heat
71
4.00
Sports
Dec 17, 2010
Go to Creator's Profile
Score Distribution
Quiz Creator Spotlight
Nick1717
Follow
Send a Message
Quizzes Created
-
Created Quiz Play Count
-
More By This Creator
Popular Quizzes Today
1
Find the US States - No Outlines Minefield
2
Find the Countries of Europe - No Outlines Minefield
3
The Countries of the World
4
Find the US States
5
Risky Map Clicking: Biggest States A-Z
6
US States
7
Popular People in 1961
8
Movies - When Are They Set?
More Sports Quizzes
21 Questions about European Soccer
Quiz Lab
Trending Quizzes
Risky Map Clicking: Least Populous States A-Z
Countries of the World: 200 Million BC
1-10 Letter G Words
Risky Map Clicking: Next State Alphabetically
Adjectives in 80s TV Shows
Recently Updated
Leaping Animals
pecheneg
Reality TV Shows (A-Z)
bhenderson79
Rickey Henderson's Hall of Fame Teammates
pecheneg
Champions League XIs: Arsenal
pecheneg
Quick Pick: Celebrities in WWE's Hall of Fame
aduchscher
A-Z Keypad Blitz II
pecheneg
Multiple Oscar Actors
pecheneg
Mystery Phrase Blitz: Oscar 'Best Actors'
pecheneg
F. Scott Fitzgerald Novels
LTH
Pick 3 Villains
ddd62291
Trending Topics
Harry Potter
Disney
Kpop
Marvel
Anime
Crossword
NBA
Puzzle
NFL
Pokémon
WWE
Country
The Office
Soccer
Song
Your Account Isn't Verified!
In order to create a playlist on Sporcle, you need to verify the email address you used during registration. Go to your
Sporcle Settings
to finish the process.
Report this User
Report this user for behavior that violates our
Community Guidelines
.
Details:
Send Report
Go to the Sporcle.com Mobile Site →
Comments